| 000 | 00356nam a2200145Ia 4500 | ||
|---|---|---|---|
| 008 | 230917s9999||||xx |||||||||||||| ||und|| | ||
| 040 |
_e47787 _aMAIN |
||
| 041 | _aEnglish | ||
| 082 | _a853.9 M797R | ||
| 100 | _aMoravia, Alberto | ||
| 245 | 0 | _aRed book and the great wall | |
| 260 |
_aLondon _bSecker and Warburg _c1968 |
||
| 300 | _a158 p. | ||
| 942 | _cBK | ||
| 999 |
_c43016 _d43016 |
||